000
00273nam a2200121Ia 4500
008
241002s9999 xx 000 0 und d
082
_a
808.3 SAR
100
_a
Sartre, Jean Paul
245
4
_a
The Reprieve
260
_a
London:
_c
1966
600
_a
Literature
942
_c
UC
999
_c
18863
_d
18863